Sobre la teoría de la relatividad especial y general

Uloženo v:
Podrobná bibliografie
Hlavní autor: Einstein, Albert (autor)
Médium: Kniha
Jazyk:španělština
Vydáno: Barcelona RBA 2004
Edice:Biblioteca de los Grandes Pensadores
Témata:
Tagy: Přidat tag
Žádné tagy, Buďte první, kdo vytvoří štítek k tomuto záznamu!

MARC

LEADER 00000nam a2200000 a 4500
001 UCK3485
003 CL-VaPUC
008 050429e20040000SP |||||||||||||||||spa|d
020 |a 8447322807 
082 0 4 |a 530.11  |b EIN  |2 21 
100 |a Einstein, Albert   |e autor  |9 266229 
245 1 0 |a Sobre la teoría de la relatividad especial y general 
300 |a 302 p 
942 |c BK 
945 |d 20050429 00:00:00  |a cmena 
260 |a Barcelona  |b RBA  |c 2004 
650 0 |a Relatividad  |9 269977 
650 0 |a Física   |9 227844 
650 0 |a Física teórica  |9 345827 
583 |a last modification  |c 20050429 00:00:00  |k Rodrigo Vera 
490 0 |a Biblioteca de los Grandes Pensadores 
999 |c 312626  |d 312624 
952 |0 0  |1 0  |4 0  |6 530_110000000000000_EIN_2004  |7 0  |8 A  |9 383227  |a BIBING  |b BIBING  |d 2019-11-21  |i 4115988  |o 530.11 EIN 2004  |p 4115988  |r 2025-01-20  |w 2019-11-21  |y BK  |k ING